[Event "Niedersachsen-ch Seniors op 09th"]
[Site "Bad Bevensen"]
[Date "2006.06.29"]
[Round "6"]
[White "Schneidereit, Manfred"]
[Black "Kiesslich, Wolfgang"]
[Result "0-1"]
[WhiteElo "1560"]
[BlackElo "1710"]
[PlyCount "92"]
[EventDate "2006.06.24"]
[EventType "swiss"]
[EventRounds "9"]
[EventCountry "GER"]
[SourceTitle "EXT 2022"]
[Source "ChessBase"]
[SourceDate "2021.10.06"]
[SourceVersion "1"]
[SourceVersionDate "2021.10.06"]
[SourceQuality "1"]

1. Nf3 c5 2. c4 Nf6 3. Nc3 e6 4. g3 d5 5. d4 cxd4 6. Nxd4 e5 7. Nf3 d4 8. Nb5 Nc6 9. a4 a6 10. Na3 e4 11. Ng5 h6 12. Nh3 Bb4+ 13. Bd2 Bc5 14. Bg2 0-0 15. 0-0 e3 16. Be1 Qe7 17. Nc2 Be6 18. b3 Rad8 19. Nf4 Bf5 20. Nd3 Ba7 21. fxe3 Bxd3 22. exd3 dxe3 23. Qe2 Ne5 24. Rd1 Neg4 25. Bb4 Bc5 26. Bxc5 Qxc5 27. d4 Qe7 28. Rd3 Rfe8 29. h3 Nf2 30. Rxe3 N2e4 31. Bxe4 Nxe4 32. Qg2 Rd6 33. c5 Re6 34. d5 Re5 35. d6 Qe6 36. b4 Qd5 37. Rfe1 f5 38. Qf3 Qf7 39. Nd4 Ng5 40. Qf1 Rxe3 41. Rxe3 Rxe3 42. Nxf5 Rf3 43. Ne7+ Kh8 44. Qe1 Nxh3+ 45. Kg2 Rf2+ 46. Qxf2 Nxf2 0-1

[Event "Niedersachsen-ch Seniors op 09th"]
[Site "Bad Bevensen"]
[Date "2006.06.24"]
[Round "2"]
[White "Engelhardt, Erhard"]
[Black "Kiesslich, Wolfgang"]
[Result "1/2-1/2"]
[WhiteElo "1641"]
[BlackElo "1710"]
[PlyCount "100"]
[EventDate "2006.06.24"]
[EventType "swiss"]
[EventRounds "9"]
[EventCountry "GER"]
[SourceTitle "EXT 2022"]
[Source "ChessBase"]
[SourceDate "2021.10.06"]
[SourceVersion "1"]
[SourceVersionDate "2021.10.06"]
[SourceQuality "1"]

1. f4 g6 2. Nf3 Bg7 3. e3 d6 4. Bc4 Nf6 5. d3 0-0 6. 0-0 a5 7. a3 c6 8. Nc3 b5 9. Ba2 b4 10. Ne2 bxa3 11. bxa3 Na6 12. Rb1 Bg4 13. Ng3 Qc7 14. h3 Bd7 15. Bb2 Nc5 16. c4 Rab8 17. Qc2 a4 18. Ba1 Qa7 19. d4 Nb3 20. Bxb3 axb3 21. Rxb3 Rxb3 22. Qxb3 Rb8 23. Qa2 Qa4 24. Nd2 Be6 25. Bc3 d5 26. c5 Nd7 27. Rc1 h5 28. Qc2 Qxc2 29. Rxc2 h4 30. Ngf1 Bf5 31. Rc1 Bd3 32. Bb4 f6 33. Rc3 Bb5 34. Nf3 e5 35. Nxh4 exd4 36. exd4 f5 37. Nf3 Nf6 38. Re3 Ne4 39. Ne5 Bxe5 40. fxe5 f4 41. Rf3 g5 42. g3 Be2 43. Rb3 f3 44. g4 Bxf1 45. Kxf1 Nd2+ 46. Bxd2 Rxb3 47. Bxg5 Rxa3 48. Kf2 Kf7 49. Be3 Ra1 50. Kxf3 Rh1 1/2-1/2

[Event "Niedersachsen-ch Seniors 30th"]
[Site "Wingst"]
[Date "1996.??.??"]
[Round "?"]
[White "Kiesslich, Wolfgang"]
[Black "Schimmelpfennig, Hans"]
[Result "1-0"]
[WhiteElo "1804"]
[BlackElo "1748"]
[PlyCount "86"]
[EventDate "1996.??.??"]
[EventType "swiss"]
[EventRounds "9"]
[EventCountry "GER"]
[SourceTitle "EXT 2006"]
[Source "ChessBase"]
[SourceDate "2005.11.24"]
[SourceVersion "1"]
[SourceVersionDate "2005.11.24"]
[SourceQuality "1"]

1. c4 Nf6 2. Nc3 g6 3. d4 c5 4. d5 Bg7 5. e4 d6 6. Bd3 a6 7. h3 0-0 8. Nf3 Nbd7 9. 0-0 b5 10. cxb5 axb5 11. Bxb5 Ba6 12. Re1 Bxb5 13. Nxb5 Qb6 14. a4 Ne8 15. Rb1 Nc7 16. Nxc7 Qxc7 17. b3 Rfb8 18. Bg5 f6 19. Bd2 Rb7 20. Qc2 Qb8 21. Bc3 Ra6 22. Nd2 Qa8 23. Nc4 Kf7 24. a5 Rb5 25. f4 Qb8 26. Rb2 Bh6 27. Rf1 Kg8 28. g4 Bg7 29. Kg2 Ra8 30. Rfb1 Rb4 31. Bxb4 cxb4 32. Ra2 Nc5 33. Nb6 Ra7 34. Qc4 Qe8 35. Re1 f5 36. e5 Ne4 37. Qxb4 dxe5 38. Rxe4 fxe4 39. Qxe4 Qb5 40. b4 Rc7 41. fxe5 Rc1 42. Rf2 e6 43. d6 Qxe5 1-0